[Event "TCh-CAT 2012"]
[Site "Catalunya ESP"]
[Date "2012.02.25"]
[Round "5.2"]
[White "Simacek,P"]
[Black "Farran Martos,F"]
[Result "1-0"]
[WhiteElo "2438"]
[BlackElo "2326"]

1.e4 c5 2.Nc3 e6 3.Nge2 Nc6 4.d4 cxd4 5.Nxd4 Qc7 6.g3 a6 7.Bg2 Nf6 8.O-O d6
9.Re1 Be7 10.Nxc6 bxc6 11.e5 dxe5 12.Rxe5 O-O 13.Bf4 Qb7 14.Na4 Nd5 15.Bd2 Bf6
16.Re1 Rd8 17.Ba5 Nb6 18.Qf3 Nxa4 19.Bxd8 Bxd8 20.Qxc6 Qxc6 21.Bxc6 Nb6 22.Bxa8 Nxa8
23.c4 Kf8 24.b4 Be7 25.Rab1 Ke8 26.b5 Kd7 27.a4 a5 28.Rbd1+ Kc7 29.c5 Bb7
30.Re5 Bc8 31.Kf1 Kb8 32.Rc1 Nc7 33.f4 Nd5 34.Ke2 Bf6 35.Rh5 h6 36.Rc4 Bb7
37.c6 Bc8 38.Kf3 Kc7 39.g4 Be7 40.g5 Bf8 41.gxh6 gxh6 42.Rc1 Nf6 43.b6+ Kxb6
44.Rb5+ Kc7 45.Rxa5 Bb4 46.Ra7+ Kd6 47.Ra8 Kc7 48.a5 Nd5 49.a6 Nb6 50.Ra7+ Kd6
51.Rb7 Bc5 52.a7 Na8 53.Rb8  1-0

[Event "TCh-CAT 2012"]
[Site "Catalunya ESP"]
[Date "2012.02.25"]
[Round "5.8"]
[White "Escandell,J"]
[Black "Coll Ortega,J"]
[Result "0-1"]
[WhiteElo "2273"]
[BlackElo "2302"]

1.e4 c5 2.Nf3 e6 3.d4 cxd4 4.Nxd4 Nc6 5.Nc3 Qc7 6.f4 a6 7.Nxc6 Qxc6 8.Bd3 b5
9.Qe2 Bb7 10.Bd2 Be7 11.a3 Rc8 12.O-O Nf6 13.e5 Nd5 14.Ne4 O-O 15.c3 f5 16.exf6 Nxf6
17.Ng5 Bc5+ 18.Kh1 Rce8 19.b4 Ba7 20.c4 bxc4 21.Bxc4 d5 22.Bd3 Ne4 23.Rac1 Qd6
24.Nxe4 dxe4 25.Bc4 Kh8 26.Rfd1 Qb6 27.Bc3 Rxf4 28.Bd4 Qxd4 29.Rxd4 Bxd4
30.Bxa6 Bd5 31.Rf1 Ref8 32.Rxf4 Rxf4 33.Qb5 Rf8 34.Qd7 h6 35.h3 e3 36.Qe7 Kg8
37.Bd3 Rc8 38.Kh2 Be5+ 39.g3 e2 40.Bxe2 Rc2 41.Qe8+ Kh7 42.Qb5 g6 43.h4 Bf3
44.Qd7+ Bg7 45.b5 Bxe2 46.Kg1 Rb2 47.a4 Bc4 48.g4 h5 49.g5 Bd5 50.a5 Rb4
51.b6 Kg8 52.Qe8+ Kh7 53.Qd7 Rg4+ 54.Kf2 Rf4+ 55.Ke3 Re4+ 56.Kf2 Rf4+ 57.Ke2 Rxh4
58.b7 Rb4 59.Qxd5 exd5  0-1

[Event "TCh-CAT 2012"]
[Site "Catalunya ESP"]
[Date "2012.02.25"]
[Round "5.6"]
[White "Lillo Castay,V"]
[Black "Fernandez Vicente,C"]
[Result "1/2-1/2"]
[WhiteElo "2287"]
[BlackElo "2165"]

1.e4 c5 2.Nf3 e6 3.d4 cxd4 4.Nxd4 Nc6 5.Nc3 Qc7 6.f4 a6 7.Nxc6 Qxc6 8.Bd3 b5
9.Qe2 Bc5 10.Bd2 Ne7 11.e5 Bb7 12.Be4 Qc7 13.Bxb7 Qxb7 14.Ne4 Qc6 15.b4 Bb6
16.Nd6+ Kf8 17.a4 Nf5 18.Nxf5 exf5 19.axb5 axb5 20.Rxa8+ Qxa8 21.Rf1 Qa1+
22.Qd1 Qd4 23.Qf3 Ke7 24.c3 Qe4+ 25.Qxe4 fxe4 26.Kd1 Ra8 27.Re1 Ra1+ 28.Bc1 Ra2
29.Bd2 e3 30.Bxe3 Bxe3 31.Rxe3 Rxg2 32.h3 Rf2 33.Rd3 Rxf4 34.Rd5 Rf3 35.Kd2 Rxh3
36.Rxb5 g5 37.Rb8 d6 38.Rb7+ Ke6 39.exd6 Kxd6 40.Rxf7 g4 41.c4 h5 42.Rg7 g3
43.Ke3 h4 44.c5+ Kd5 45.Rg5+ Kc6 46.Rg6+ Kd5 47.Rg5+ Kc6 48.Rg6+ Kd5  1/2-1/2

[Event "16th Metropolitan IM"]
[Site "Los Angeles USA"]
[Date "2012.02.25"]
[Round "7"]
[White "Amanov,Z"]
[Black "Wang,Ph"]
[Result "1/2-1/2"]
[WhiteElo "2402"]
[BlackElo "2372"]

1.e4 c5 2.Nf3 Nc6 3.d4 cxd4 4.Nxd4 e6 5.Nc3 Qc7 6.g3 a6 7.Bg2 Nf6 8.Nb3 Be7
9.a4 O-O 10.O-O b6 11.f4 d6 12.Be3 Rb8 13.g4 Na5 14.g5 Nd7 15.Rf3 Nc4 16.Bc1 Re8
17.Rh3 g6 18.Qe1 Nf8 19.Qh4 b5 20.axb5 axb5 21.f5 exf5 22.Nd5 Qd8 23.Nd4 Ne5
24.Ra7 Rb7 25.Rxb7 Bxb7 26.exf5 Bxd5 27.Bxd5 Qb6 28.Be3 Bd8 29.Bf2 Qc5 30.Bb3 Bb6
31.Qe4 d5 32.Qe2 b4 33.Ba4 Re7 34.f6 Ra7 35.Qxe5 Rxa4 36.Qe8 Ra7 37.Kg2 Rc7
38.Rf3 Rc8 39.Qe7 Qa5  1/2-1/2

[Event "Schachbundesliga 2011-12"]
[Site "Remagen GER"]
[Date "2012.02.25"]
[Round "10"]
[White "Smeets,J"]
[Black "Mchedlishvili,M"]
[Result "1/2-1/2"]
[WhiteElo "2619"]
[BlackElo "2623"]

1.e4 c5 2.Nf3 e6 3.d4 cxd4 4.Nxd4 Nc6 5.Nc3 Qc7 6.Be2 a6 7.O-O Nf6 8.Be3 Bb4
9.Na4 Bd6 10.g3 b5 11.Nb6 Rb8 12.Nxc8 Rxc8 13.a4 Nxd4 14.Qxd4 Be5 15.Qb4 Bd6
16.Qd4 Be5 17.Qb4 Bd6 18.Qd4  1/2-1/2

[Event "ch-POL w 2012"]
[Site "Warsaw POL"]
[Date "2012.02.25"]
[Round "8"]
[White "Zawadzka,J"]
[Black "Chrzaszcz,M"]
[Result "1-0"]
[WhiteElo "2358"]
[BlackElo "2074"]

1.e4 c5 2.Nf3 e6 3.d4 cxd4 4.Nxd4 Nc6 5.Nc3 Qc7 6.f4 a6 7.Nxc6 dxc6 8.e5 f5
9.exf6 Nxf6 10.Bd3 Bc5 11.Ne4 Nxe4 12.Bxe4 Qf7 13.Qd3 Qf6 14.c3 e5 15.Bd2 Bd7
16.O-O-O O-O-O 17.f5 Be8 18.Qe2 Bf7 19.Kb1 b5 20.Rhe1 Bc4 21.Qg4 h5 22.Qf3 Qf7
23.Bg5 Rxd1+ 24.Rxd1 Bxa2+ 25.Kc1 Bb3 26.Rd2 Qc4 27.Bc2 Bxc2 28.Qxc6+ Kb8
29.Kxc2 Qa4+ 30.Kb1 Rc8 31.Qd5 Qg4 32.Qxe5+ Ka8 33.Bf4 g6 34.Qe4+ Ka7 35.Rd7+ Kb6
36.Rb7+  1-0

[Event "ch-Moscow S/F 2012"]
[Site "Moscow RUS"]
[Date "2012.02.27"]
[Round "2"]
[White "Zizlova,S"]
[Black "Aldokhin,I"]
[Result "0-1"]
[WhiteElo "2161"]
[BlackElo "2375"]

1.e4 c5 2.Nf3 e6 3.d4 cxd4 4.Nxd4 Nc6 5.Nc3 Qc7 6.Be3 a6 7.a3 Nf6 8.Be2 Be7
9.f4 d6 10.g4 Nxd4 11.Qxd4 e5 12.Qd2 exf4 13.Bxf4 Be6 14.g5 Nd7 15.Qd4 Ne5
16.O-O-O O-O 17.h4 b5 18.h5 Rab8 19.Nd5 Bxd5 20.exd5 Rbc8 21.Rd2 Rfe8 22.Bxe5 dxe5
23.Qg4 e4 24.g6 Bd6 25.gxh7+ Kh8 26.Rg1 f5 27.Qxf5 Bf4 28.c3 Rf8 29.Qxe4 Rce8
30.Qg2 Re5 31.Kc2 Bxd2 32.Kxd2 Qf7 33.Kc1 Rxd5 34.a4 bxa4 35.h6 g5 36.Bxa6 a3
37.bxa3 Qf4+ 38.Kb1 Rb8+ 39.Ka1 Rd2 40.Qxg5 Ra2+  0-1

[Event "PriFO Champ RUS 2012"]
[Site "Tolyatti RUS"]
[Date "2012.02.27"]
[Round "1.17"]
[White "Sadykov,Ra"]
[Black "Alavkin,A"]
[Result "1/2-1/2"]
[WhiteElo "2214"]
[BlackElo "2383"]

1.e4 c5 2.Nf3 e6 3.d4 cxd4 4.Nxd4 Nc6 5.Nc3 Qc7 6.g3 a6 7.Bg2 Nf6 8.O-O Nxd4
9.Qxd4 Bc5 10.Bf4 d6 11.Qd2 h6 12.Rad1 e5 13.Be3 Be6 14.Bxc5 dxc5 15.Nd5 Bxd5
16.exd5 Qd6 17.f4 O-O 18.fxe5 Qxe5 19.c4 Qd6 20.Qf4 Rad8 21.Qxd6 Rxd6 22.Rfe1 Rfd8
23.b3 Kf8 24.Bf3 Nd7 25.Bg4 Nf6 26.Bf3 Nd7 27.Bg4 Nf6 28.Bf3 Nd7 29.Bg4 Nf6
30.Bf3  1/2-1/2

[Event "PriFO Champ RUS 2012"]
[Site "Tolyatti RUS"]
[Date "2012.02.27"]
[Round "1.4"]
[White "Bukavshin,I"]
[Black "Sanzhaev,D"]
[Result "0-1"]
[WhiteElo "2517"]
[BlackElo "2282"]

1.e4 c5 2.Nf3 e6 3.d4 cxd4 4.Nxd4 Nc6 5.Nc3 Qc7 6.Be3 a6 7.Qf3 Nf6 8.O-O-O Bb4
9.Nxc6 dxc6 10.Bd4 e5 11.Qg3 Ng4 12.h3 Qa5 13.hxg4 exd4 14.Rh5 c5 15.Nd5 Qxa2
16.Nxb4 cxb4 17.Qe5+ Be6 18.Qxg7 Qa1+ 19.Kd2 Qxb2 20.Bb5+ Ke7 21.Qg5+ f6
22.Qg7+ Bf7 23.e5 Qc3+ 24.Ke2 Qxc2+ 25.Ke1 Qg6 26.exf6+ Kd6 27.Rxd4+ Kc7
28.Bc4 Rhe8+ 29.Kd2 Rad8 30.Rhd5 Rxd5 31.Rxd5 Qxg7 32.fxg7 Bg8 33.Rd4 b5
34.Bd3 b3 35.Re4 Rxe4 36.Bxe4 h6 37.Bd3 Kd6 38.f4 Ke7 39.Kc3 Kf6 40.Be2 Kxg7
41.Bd1 b4+ 42.Kb2 Be6 43.Bxb3 Bxg4 44.Bc2 Be6 45.Bd1 Kf6 46.g4 a5 47.Kc1 Bd7
48.Kb2 a4 49.Kb1 a3 50.Ka1 Be6 51.Kb1 Bg8 52.Bc2 Ke7 53.Bd1 Kd6 54.g5 hxg5
55.fxg5 Ke5 56.Bc2 Kf4 57.g6 Kg5 58.Ka1 Kf6 59.Kb1 Be6 60.Bd3 Bd7 61.Ka2 Be6+
62.Kb1 b3 63.Kc1 Bd7 64.Kb1 Be8 65.Ka1 Bxg6 66.Be4 b2+  0-1

[Event "ch-Moscow S/F 2012"]
[Site "Moscow RUS"]
[Date "2012.02.28"]
[Round "3"]
[White "Shubin,Ge"]
[Black "Yudkevich,M"]
[Result "0-1"]
[WhiteElo "2006"]
[BlackElo "2200"]

1.e4 e6 2.Nf3 c5 3.Nc3 Nc6 4.d4 cxd4 5.Nxd4 d6 6.Be3 Nf6 7.Be2 Be7 8.f4 O-O
9.O-O Bd7 10.Ndb5 Qb8 11.f5 a6 12.fxe6 fxe6 13.Nd4 b5 14.Bf3 Ne5 15.a3 Nc4
16.Bc1 Qb6 17.Kh1 Rac8 18.b3 Ne5 19.Bb2 a5 20.Be2 b4 21.axb4 axb4 22.Ra6 Qb7
23.Na4 Nxe4 24.Nf3 Ng4 25.Kg1 Bxa4 26.Rxa4 Nc3 27.Bxc3 Rxc3 28.Qd4 Ne3 29.Rxb4 Qc7
30.Rc4 Rxc4 31.Qxe3 Qc5 32.Qxc5 Rxc5 33.c4 Rb8 34.Nd4 Bf6 35.Nxe6 Re5 36.Bf3 Rxe6
37.Bd5 Kf7 38.Re1 Be5 39.Rb1 Ke7 40.Bxe6 Kxe6 41.b4 Kd7 42.g3 Ra8 43.Kg2 Ra3
44.b5 Kc7 45.Rc1 Kb6 46.Rb1 Rc3 47.Rb4 Kc5 48.Rb1 Rxc4  0-1

[Event "European Ind w 2012"]
[Site "Gaziantep TUR"]
[Date "2012.03.02"]
[Round "1"]
[White "Kaya,E"]
[Black "Galojan,L"]
[Result "0-1"]
[WhiteElo "1997"]
[BlackElo "2364"]

1.e4 c5 2.Nf3 Nc6 3.d4 cxd4 4.Nxd4 e6 5.Nc3 Nf6 6.f4 Bb4 7.Nxc6 bxc6 8.Bd3 d5
9.Bd2 Bxc3 10.Bxc3 dxe4 11.Bxf6 Qxf6 12.Bxe4 O-O 13.O-O Ba6 14.Rf2 Rad8 15.Qh5 g6
16.Qe5 Qxe5 17.fxe5 c5 18.b3 Rd4 19.Re1 Rfd8 20.c4 Bc8 21.Bf3 Bd7 22.Rff1 Kg7
23.Rd1 Be8 24.Kf2 f6 25.exf6+ Kxf6 26.Ke3 Rxd1 27.Rxd1 Rxd1 28.Bxd1 Ke5 29.Bc2 h6
30.h4 g5 31.hxg5 hxg5 32.g3 Bh5 33.Bb1 Bg4 34.Bc2 Bf5 35.Bd1 Bb1 36.a3 a5
37.g4 Be4 38.b4 cxb4 39.axb4 axb4 40.Ba4 Bg2 41.Bb3 Kd6 42.c5+ Kxc5 43.Bxe6 Bd5
44.Bf5 Kc4 45.Bc2 Kc3 46.Bd1 Bc6 47.Be2 b3 48.Bd3 b2 49.Bb1 Ba4  0-1

[Event "European Ind w 2012"]
[Site "Gaziantep TUR"]
[Date "2012.03.02"]
[Round "1"]
[White "Uta,Ad"]
[Black "Charochkina,D"]
[Result "0-1"]
[WhiteElo "2098"]
[BlackElo "2371"]

1.e4 c5 2.Nf3 Nc6 3.d4 cxd4 4.Nxd4 e6 5.Nc3 d6 6.Be2 Nf6 7.O-O Be7 8.Bg5 O-O
9.Qd2 h6 10.Bh4 Qb6 11.Ndb5 Nxe4 12.Nxe4 Bxh4 13.Nbxd6 Qxb2 14.Rfb1 Qd4 15.Bd3 Ne5
16.Nb5 Qd8 17.Rb4 f5 18.Nec3 Bf6 19.Re1 a6 20.Nd4 b5 21.Nde2 Bb7 22.a4 Qd6
23.Reb1 Qc6 24.f3 Nxf3+ 25.gxf3 Qxf3 26.Be4 fxe4 27.Rf1 Bxc3  0-1

[Event "2nd HD Bank Cup 2012"]
[Site "Ho Chi Minh City VIE"]
[Date "2012.03.02"]
[Round "1.36"]
[White "Le Thanh Tai"]
[Black "Sukandar,I"]
[Result "0-1"]
[WhiteElo "1889"]
[BlackElo "2349"]

1.e4 c5 2.Nf3 e6 3.d4 cxd4 4.Nxd4 Nc6 5.Nc3 d6 6.Be3 Nf6 7.Bc4 Be7 8.Qe2 a6
9.O-O-O Qc7 10.Bb3 b5 11.g4 O-O 12.g5 Nxd4 13.Rxd4 Nd7 14.Rg1 Nc5 15.e5 d5
16.Bf4 Qb6 17.Be3 Qc7 18.Bf4 b4 19.Na4 a5 20.Bd2 Ba6 21.Qd1 Qxe5 22.Rh4 Nxb3+
23.axb3 Rac8 24.Rg3 Qf5 25.Kb1 Qxf2 26.Rxh7 Kxh7 27.Qh5+ Kg8 28.Rh3 Qf1+
29.Bc1 Qxh3 30.Qxh3 Rc6 31.Bf4 Rfc8 32.Qg3 Be2 33.c3 Bb5 34.Be5 Bf8 35.h4 Be2
36.Qe3 Bd1 37.Ka2 Ra8 38.Qd3 Bh5 39.Qb5 Rca6 40.Nb6 Be2 41.Qxe2 Rxb6 42.Bd4 Rb7
43.g6 a4 44.gxf7+ Kxf7 45.bxa4 Rxa4+ 46.Kb3 Ra1 47.Qh5+ Kg8 48.Qe8 bxc3+
49.Kxc3 Re7 50.Qb8 Rc1+ 51.Kd3 Rd1+ 52.Kc3 Rf7 53.Be5 Rc1+ 54.Kd2 Rcf1 55.b4 Kh7
56.b5 R7f2+ 57.Kc3 Rc1+ 58.Kb3 Rb1+ 59.Kc3 Bb4+ 60.Kd3 Rb3+ 61.Bc3 Rxc3+
62.Kd4 Rd2+ 63.Ke5 Rf3 64.Kxe6 Rf6+ 65.Kd7 Re2  0-1

[Event "PriFO Champ RUS 2012"]
[Site "Tolyatti RUS"]
[Date "2012.03.02"]
[Round "5.7"]
[White "Filipenko,A"]
[Black "Predke,A"]
[Result "0-1"]
[WhiteElo "2351"]
[BlackElo "2467"]

1.e4 c5 2.Nf3 e6 3.d4 cxd4 4.Nxd4 Nc6 5.Nc3 Qc7 6.g3 a6 7.Bg2 b5 8.O-O Bb7
9.Re1 Nxd4 10.Qxd4 Ne7 11.Bf4 Nc6 12.Qd2 d6 13.a4 b4 14.Na2 e5 15.Be3 Rc8
16.c3 Na5 17.Qe2 b3 18.Nb4 Nc4 19.Red1 Qd7 20.Nd5 Be7 21.Nb6 Nxb6 22.Bxb6 O-O
23.Ba5 f5 24.Bb4 Qc6 25.a5 Rf7 26.f4 Rcf8 27.Rd2 fxe4 28.fxe5 Bc8 29.Rad1 Be6
30.Rxd6 Bxd6 31.Rxd6 Qc4 32.Qxc4 Bxc4 33.Rc6 Rd8 34.Rxc4 Rd1+ 35.Bf1 Rdxf1+
36.Kg2 R7f2+ 37.Kh3 h6 38.Ba3 Re2 39.Kg4 Rxh2  0-1

[Event "TCh-CZE Extraliga 2011-12"]
[Site "Czech Republic CZE"]
[Date "2012.03.03"]
[Round "7.4"]
[White "Oral,T"]
[Black "Bulski,K"]
[Result "0-1"]
[WhiteElo "2526"]
[BlackElo "2507"]

1.e4 c5 2.Nf3 e6 3.d4 cxd4 4.Nxd4 Nc6 5.Nc3 Qc7 6.Be2 a6 7.O-O Nf6 8.Be3 Bb4
9.Na4 O-O 10.Nxc6 bxc6 11.Nb6 Rb8 12.Nxc8 Rfxc8 13.Bxa6 Rf8 14.Bd3 Bd6 15.Kh1 Be5
16.c3 Rxb2 17.Qc1 Ng4 18.f4 Nxe3 19.Qxb2 Bxf4 20.Rfe1 Ng4 21.g3 Bxg3 22.hxg3 Qxg3
23.Qg2 Nf2+ 24.Kg1 Qxg2+ 25.Kxg2 Nxd3 26.Reb1 Ra8 27.a4 Kf8 28.a5 Nc5 29.e5 Ke7
30.Kf2 f6 31.exf6+ gxf6 32.Rh1 d5 33.Rxh7+ Kd6 34.Ke2 Ra6 35.Rh4 Nd7 36.c4 Ne5
37.cxd5 cxd5 38.Rb4 Nc4 39.Raa4 f5 40.Rb5 Kc6 41.Rb8 Rxa5 42.Rc8+ Kb5 43.Rxa5+ Nxa5
44.Rf8 Kc5 45.Ke3 Nc4+ 46.Kf4 Kd6 47.Rd8+ Ke7 48.Ra8 Nd6 49.Ke5 Nf7+ 50.Kd4 Kf6
51.Rf8 Ke7 52.Ra8 Ng5 53.Ke5 Nf3+ 54.Kf4 Nd4 55.Rc8 Kd7 56.Ra8 Ke7 57.Ke5 Nc6+
58.Kf4 Kd6 59.Re8 Nb4 60.Rd8+ Ke7 61.Ra8 Nd3+ 62.Ke3 Ne5 63.Kf4 Kf6 64.Ke3 Nc6
65.Ra6 Ne7 66.Kf4 Ng6+ 67.Kf3 Ke5 68.Ra1 Ne7 69.Re1+ Kd6 70.Kf4 e5+ 71.Kg5 f4
72.Kg4 Nc6 73.Rc1 Nd4 74.Rd1 Ne6 75.Ra1 e4 76.Kf5 f3 77.Ra6+ Kc5  0-1

[Event "TCh-CZE Extraliga 2011-12"]
[Site "Czech Republic CZE"]
[Date "2012.03.04"]
[Round "8.2"]
[White "Rasik,V"]
[Black "Jakubowski,K"]
[Result "0-1"]
[WhiteElo "2473"]
[BlackElo "2491"]

1.e4 c5 2.Nf3 e6 3.d4 cxd4 4.Nxd4 Nc6 5.Nc3 Qc7 6.Be3 a6 7.Qd2 Nf6 8.O-O-O Bb4
9.f3 b5 10.Kb1 O-O 11.g4 Bb7 12.g5 Nh5 13.a3 Be7 14.Nb3 d6 15.f4 b4 16.axb4 Nxb4
17.Be2 g6 18.Bxh5 gxh5 19.f5 exf5 20.Nd5 Bxd5 21.exd5 Rab8 22.Rhf1 Rfc8 23.c3 Qc4
24.cxb4 Qxb3 25.Rc1 Bf8 26.Rc6 Re8 27.Bb6 Bg7 28.Rfc1 f4 29.Rxd6 f3 30.Rdc6 Re2
31.Rc8+ Bf8 32.Qd4 Rxc8 33.Rxc8 Re1+ 34.Rc1 Bg7 35.Rxe1 Bxd4 36.Re8+ Kg7
37.Bxd4+ Kg6 38.Bc5 Qd1+ 39.Ka2 Qa4+  0-1

[Event "TCh-CZE Extraliga 2011-12"]
[Site "Czech Republic CZE"]
[Date "2012.03.04"]
[Round "8.6"]
[White "Palecek,P"]
[Black "Cvek,R"]
[Result "1/2-1/2"]
[WhiteElo "2227"]
[BlackElo "2518"]

1.e4 c5 2.Nf3 e6 3.d4 cxd4 4.Nxd4 Nc6 5.Nc3 Qc7 6.Be3 Nf6 7.a3 a6 8.Be2 Be7
9.f4 d6 10.g4 Nxd4 11.Bxd4 e5 12.Be3 exf4 13.Bxf4 Be6 14.g5 Nd7 15.Qd4 Ne5
16.O-O-O Rc8 17.h4 Qc5 18.Qxc5 Rxc5 19.Nd5 Bxd5 20.Rxd5 Rxd5 21.exd5 Ng6
22.Bg3 h6 23.gxh6 Rxh6 24.h5 Bg5+ 25.Kd1 Ne7 26.Bf3 Rf6 27.Ke2 Bf4 28.Bf2 Be5
29.b3 Kf8 30.Rh4 Rf4 31.Rxf4 Bxf4 32.c4 Ke8 33.Bg4 Bc1 34.a4 Ba3 35.Bh4 a5
36.Kf3 b6 37.Ke4 Ng8 38.Bg5 Bc5 39.Bh3 Kf8 40.Bg4 Bg1 41.Bh3 Ne7 42.Bxe7+ Kxe7
43.Kf5 Kf8 44.Bf1 Kg8 45.Bd3 Kh7 46.Kg5+ Kg8 47.Bf5 Kh8 48.Bd7 Kg8 49.Be8 Kf8
50.Bd7 Be3+ 51.Kf5 Ke7 52.Bb5 Kf8 53.Bd7 Kg8 54.Be8 Bc1 55.Bc6 Kh7 56.Be8 Kg8
57.Bc6  1/2-1/2

[Event "European Ind w 2012"]
[Site "Gaziantep TUR"]
[Date "2012.03.04"]
[Round "3"]
[White "Dworakowska,J"]
[Black "Lahno,Kateri"]
[Result "0-1"]
[WhiteElo "2304"]
[BlackElo "2546"]

1.e4 c5 2.Nf3 e6 3.d4 cxd4 4.Nxd4 Nc6 5.Nc3 Qc7 6.g3 a6 7.Bg2 Nf6 8.O-O Be7
9.a4 O-O 10.Nde2 b6 11.Nd5 exd5 12.exd5 Ne5 13.d6 Bxd6 14.Bxa8 Bb7 15.Bxb7 Qxb7
16.Nd4 Bc5 17.Ra3 Bxa3 18.bxa3 Qd5 19.f4 Nc4 20.Re1 Qa5 21.f5 h6 22.g4 Nxg4
23.Re4 Nf6 24.Nb3 Qc3 25.Re2 Rc8 26.Bf4 Kh7 27.Nd4 Nb2 28.Qd2 Nxa4 29.Re7 Qxd2
30.Bxd2 Kg8 31.Be1 Rc4 32.Bf2 Kf8 33.Re1 Ng4 34.Re4 Nxf2 35.Ne6+ fxe6 36.Rxc4 Nh3+
37.Kg2 Nc5 38.Kxh3 exf5 39.Rf4 g6 40.Rh4 h5 41.Rb4 b5 42.Kh4 d6 43.Kg5 Kg7
44.Kf4 Kf6 45.h4 d5 46.Rb1 Ne6+ 47.Kf3 Nd4+ 48.Ke3 Nxc2+ 49.Kd3 Nxa3 50.Rc1 Nc4
51.Kd4 f4 52.Kxd5 Kf5 53.Kd4 f3 54.Ra1 a5 55.Kd3 Kf4 56.Rb1 Ne3 57.Rb2 b4
58.Ra2 a4 59.Kd4 a3 60.Rd2 b3  0-1

[Event "PriFO Champ RUS 2012"]
[Site "Tolyatti RUS"]
[Date "2012.03.04"]
[Round "7.30"]
[White "Sadykov,Ra"]
[Black "Afanasiev,D2"]
[Result "0-1"]
[WhiteElo "2214"]
[BlackElo "2057"]

1.e4 c5 2.Nf3 e6 3.d4 cxd4 4.Nxd4 Nc6 5.Nc3 Qc7 6.g4 a6 7.Be3 Bb4 8.Nxc6 Bxc3+
9.bxc3 dxc6 10.f4 c5 11.Bg2 b6 12.O-O Bb7 13.g5 Ne7 14.Qh5 g6 15.Qh6 O-O-O
16.Qg7 Qc6 17.Rf2 Qe8 18.Rb1 Rd6 19.Rd2 Rxd2 20.Bxd2 Rg8 21.Qf6 Nc6 22.Rxb6 Na5
23.Rd6 Nc4 24.Rd3 Nb2 25.Rf3 Qd7 26.Rf2 Nc4 27.Be1 Ne3 28.Rd2 Qc7 29.Bf3 Bxe4
30.Be2 Bb7 31.Kf2 Nf5 32.Qe5 Qc6 33.Bf1 Qf3+  0-1

[Event "2nd Ferdynanda Dziedzica Mem"]
[Site "Trzcianka POL"]
[Date "2012.03.04"]
[Round "3"]
[White "Macieja,B"]
[Black "Delekta,P"]
[Result "1-0"]
[WhiteElo "2605"]
[BlackElo "2242"]

1.e4 c5 2.Nf3 e6 3.d4 cxd4 4.Nxd4 Nc6 5.Nc3 Qc7 6.Be2 Nf6 7.O-O a6 8.Be3 Be7
9.f4 d6 10.Qe1 Nxd4 11.Bxd4 e5 12.fxe5 dxe5 13.Qg3 Bc5 14.Bxc5 Qxc5+ 15.Kh1 Kf8
16.Nd5 Nxe4 17.Qxe5 Be6 18.Qxe6 Nf2+ 19.Rxf2 Qxf2 20.Qd6+ Ke8  1-0

[Event "28th Cappelle Open"]
[Site "Cappelle la Grande FRA"]
[Date "2012.03.05"]
[Round "3.20"]
[White "Degraeve,JM"]
[Black "Roser,K"]
[Result "1-0"]
[WhiteElo "2569"]
[BlackElo "2444"]

1.e4 c5 2.Nc3 e6 3.Nf3 Nc6 4.d4 cxd4 5.Nxd4 a6 6.g3 d6 7.Bg2 Bd7 8.O-O Nf6
9.Re1 Be7 10.Nxc6 Bxc6 11.a4 O-O 12.Be3 Qc7 13.a5 Nd7 14.Na4 Rae8 15.Nb6 f5
16.Nxd7 Qxd7 17.Qd3 fxe4 18.Bxe4 Bxe4 19.Qxe4 Rf5 20.Bb6 Re5 21.Qg4 Bf6 22.c3 Qb5
23.Rxe5 Bxe5 24.Qa4 Qxa4 25.Rxa4 d5 26.Rb4 Bd6 27.Rb3 Re7 28.Kf1 Kf7 29.Ke2 Rd7
30.Kd3 g5 31.h3 Kg6 32.c4 Be5 33.Be3 dxc4+ 34.Kxc4 h5 35.Kc5 Rd5+ 36.Kb6 Bf6
37.Kxb7 Rxa5 38.Rb6 Kf5 39.b4 Ra4 40.Bc5 a5 41.b5 Rc4 42.Rc6 a4 43.b6 Be5
44.Be7 Rd4 45.Kc8 Rd2 46.b7 Rxf2 47.Rc5 Rb2 48.Bd6  1-0

[Event "28th Cappelle Open"]
[Site "Cappelle la Grande FRA"]
[Date "2012.03.05"]
[Round "3.31"]
[White "Vovk,A"]
[Black "Devoille,H"]
[Result "1-0"]
[WhiteElo "2540"]
[BlackElo "1889"]

1.e4 c5 2.Nf3 e6 3.d4 cxd4 4.Nxd4 Nc6 5.Nc3 Qc7 6.Be3 a6 7.a3 Nf6 8.Be2 Be7
9.f4 d6 10.g4 Nd7 11.O-O b5 12.Nxc6 Qxc6 13.Bf3 Bb7 14.e5 d5 15.Ne2 Qc7 16.c3 Bc5
17.Bd4 Bxd4+ 18.cxd4 Nb6 19.Nc1 a5 20.Nd3 a4 21.Qe2 Nc4 22.Qf2 h6 23.f5 Bc6
24.Nf4 Qd7 25.Bg2 Ra7 26.fxe6 fxe6 27.Ng6  1-0

[Event "28th Cappelle Open"]
[Site "Cappelle la Grande FRA"]
[Date "2012.03.05"]
[Round "3.22"]
[White "Kolosowski,M"]
[Black "Zakhartsov,Vi"]
[Result "0-1"]
[WhiteElo "2439"]
[BlackElo "2563"]

1.e4 c5 2.Nf3 e6 3.d4 cxd4 4.Nxd4 Nc6 5.Nc3 Qc7 6.Be2 a6 7.O-O Nf6 8.Kh1 Nxd4
9.Qxd4 Bc5 10.Qd3 b5 11.f4 Bb7 12.Bf3 h5 13.e5 Ng4 14.Bxb7 Qxb7 15.Ne4 Rc8
16.b3 Be7 17.Bb2 O-O 18.h3 Nh6 19.Nf6+ Bxf6 20.exf6 g6 21.f5 Kh7 22.Bc1 Rg8
23.Qd2 g5 24.fxe6 dxe6 25.Qe2 Rg6 26.Bb2 h4 27.Rad1 g4 28.Rd3 Rcg8 29.Rf2 Nf5
30.Be5 gxh3 31.Rxh3 Rg4 32.Rf4 Nh6 33.Qd3+ Kh8 34.Rxg4 Rxg4 35.Rh2 Qe4 36.Bc3 Nf5
37.Kg1 Ng3 38.Bd2 Kh7 39.Qd7 Kg6 40.Qd8 Qd4+ 41.Qxd4 Rxd4 42.Be1 Kxf6 43.Rh3 Rd1
44.Kf2 Kg5 45.c4 bxc4 46.bxc4 Kg4 47.Bb4 f5 48.Be7 f4 49.Rxh4+ Kf5  0-1

[Event "European Ind w 2012"]
[Site "Gaziantep TUR"]
[Date "2012.03.05"]
[Round "4"]
[White "Zawadzka,J"]
[Black "Kosintseva,T"]
[Result "0-1"]
[WhiteElo "2358"]
[BlackElo "2513"]

1.e4 c5 2.Nf3 e6 3.d4 cxd4 4.Nxd4 Nc6 5.Nc3 d6 6.Be3 Nf6 7.f4 e5 8.Nf3 Ng4
9.Qd2 Nxe3 10.Qxe3 exf4 11.Qxf4 Be6 12.O-O-O Be7 13.Nd5 O-O 14.Kb1 Rc8 15.h4 Qa5
16.Bc4 Bxd5 17.Rxd5 Qc7 18.Rf5 Ne5 19.Bb3 g6 20.Nxe5 gxf5 21.Nxf7 Rxf7 22.Qxf5 Rf8
23.h5 Qc5 24.Qd7 Bf6 25.Qxb7 h6 26.Rf1 Kg7 27.Bxf7 Rxf7 28.Qb8 Qb6 29.Qxb6 axb6
30.c4 Re7 31.Re1 Rc7 32.b3 Rc5 33.Rd1 Be5 34.Kc2 Kf6 35.Rf1+ Ke7 36.Kd3 Rc8
37.g4 Rg8 38.Rg1 Kf6 39.a4 Kg5 40.Rg2 Rf8 41.Ra2 Rf3+ 42.Ke2 Rxb3 43.a5 bxa5
44.Rxa5 Rc3  0-1

[Event "European Ind w 2012"]
[Site "Gaziantep TUR"]
[Date "2012.03.05"]
[Round "4"]
[White "Pogonina,N"]
[Black "Gvetadze,Sopi"]
[Result "1/2-1/2"]
[WhiteElo "2449"]
[BlackElo "2334"]

1.e4 c5 2.Nf3 e6 3.d4 cxd4 4.Nxd4 Nc6 5.Nc3 d6 6.Be2 Nf6 7.Be3 Be7 8.O-O O-O
9.f4 e5 10.Nxc6 bxc6 11.Kh1 exf4 12.Bxf4 Be6 13.Qe1 Qb8 14.b3 Nd7 15.Rd1 Ne5
16.Na4 Rd8 17.c4 f6 18.Qg3 Bf7 19.Bg4 Nxg4 20.Qxg4 Qc8 21.Qf3 Qe6 22.Rfe1 Bf8
23.Bg3 Bg6 24.h3 Re8 25.Nc3 Rad8 26.Bf2 Qf7 27.Rd2 Re6 28.Bg3 Rde8 29.Rf1 Qb7
30.Rfd1 Qb4 31.Rd4 Qa3 32.Kh2 Qa6 33.Bf4 c5 34.R4d2 Bxe4 35.Nxe4 Rxe4 36.Bxd6 Bxd6+
37.Rxd6 Qxa2 38.Rd8 Qe2 39.Qxe2 Rxe2 40.Rxe8+ Rxe8  1/2-1/2

[Event "ch-Moscow S/F 2012"]
[Site "Moscow RUS"]
[Date "2012.03.05"]
[Round "8"]
[White "Paravyan,D"]
[Black "Ageichenko,G"]
[Result "0-1"]
[WhiteElo "2205"]
[BlackElo "2344"]

1.e4 c5 2.Nf3 Nc6 3.d4 cxd4 4.Nxd4 e6 5.Nc3 Qb6 6.Nb3 Nf6 7.Qe2 d6 8.Be3 Qc7
9.O-O-O a6 10.g4 b5 11.g5 Nd7 12.f4 Nb6 13.Qf2 Rb8 14.Bd3 Be7 15.e5 dxe5
16.fxe5 Nc4 17.Bf4 Bb7 18.Rhe1 Nb4 19.Ne4 Nxd3+ 20.Rxd3 Bxe4 21.Rxe4 Rc8
22.Red4 Nb6 23.Rc3 Qb8 24.Rxc8+ Qxc8 25.Rd3 Nd5 26.Bd2 O-O 27.Qh4 Qc4 28.Nd4 Qxa2
29.Nb3 Rc8 30.Rh3 h6 31.Qh5 Ba3 32.Rf3 Qxb2+ 33.Kd1 Qxc2+ 34.Ke1 Qe4+ 35.Kf2 g6
36.Qxh6 Bf8 37.Qh3 Rc2 38.Kg1 Rxd2 39.Nxd2 Qd4+ 40.Kh1 Qxd2 41.Qf1 Ne3 42.Qg1 Bc5
43.h4 Qd5 44.Qf2 Qd1+  0-1

[Event "PriFO Champ RUS 2012"]
[Site "Tolyatti RUS"]
[Date "2012.03.05"]
[Round "8.10"]
[White "Bronnikov,K1"]
[Black "Sharafiev,A"]
[Result "1-0"]
[WhiteElo "2256"]
[BlackElo "2443"]

1.e4 c5 2.Nf3 e6 3.d4 cxd4 4.Nxd4 Nc6 5.Nc3 a6 6.g3 d6 7.Bg2 Qc7 8.O-O Bd7
9.a4 Be7 10.Nb3 Ne5 11.Qe2 Nc4 12.Nd4 Bf6 13.Rd1 Rc8 14.Qe1 Ne7 15.b3 Ne5
16.Bb2 O-O 17.Nde2 Rfd8  1-0

[Event "28th Cappelle Open"]
[Site "Cappelle la Grande FRA"]
[Date "2012.03.06"]
[Round "5.48"]
[White "Fuchs,Ju"]
[Black "Bernadskiy,V"]
[Result "0-1"]
[WhiteElo "2233"]
[BlackElo "2464"]

1.e4 c5 2.Nf3 e6 3.d4 cxd4 4.Nxd4 Nc6 5.Nc3 Qc7 6.Be3 a6 7.Be2 b5 8.Nxc6 dxc6
9.f4 e5 10.fxe5 Qxe5 11.Bd4 Qg5 12.Qd3 Be6 13.Qf3 Rd8 14.Be3 Qe5 15.a3 g5
16.Bf2 g4 17.Qg3 Bg7 18.O-O Qxg3 19.Bxg3 Bd4+ 20.Bf2 Ne7 21.Nd1 Ng6 22.c3 Bxf2+
23.Kxf2 Nf4 24.Re1 h5 25.Kg3 Ng6 26.a4 h4+ 27.Kf2 O-O 28.axb5 axb5 29.Ne3 Rd2
30.Nf5 Bxf5 31.exf5 Ne5 32.Ke3 Rxb2 33.f6 Re8 34.Kf4 Ng6+ 35.Kxg4 Rbxe2 36.Rxe2 Rxe2
37.Ra8+ Kh7 38.Ra7 Kh6  0-1

[Event "28th Cappelle Open"]
[Site "Cappelle la Grande FRA"]
[Date "2012.03.06"]
[Round "5.36"]
[White "Bijaoui,M"]
[Black "Grigoriants,S RUS"]
[Result "1/2-1/2"]
[WhiteElo "2395"]
[BlackElo "2561"]

1.e4 c5 2.Nf3 e6 3.d4 cxd4 4.Nxd4 Nc6 5.Nc3 a6 6.Be2 d6 7.O-O Nf6 8.Be3 Bd7
9.f4 Nxd4 10.Bxd4 Bc6 11.Bd3 Be7 12.Kh1 O-O 13.Qe1 b5 14.a3 Nd7 15.Qg3 e5
16.fxe5 Bh4 17.Qf4 Bg5 18.Qg3 Bh4 19.Qf4 Bg5 20.Qg3 Bh4  1/2-1/2

[Event "European Ind w 2012"]
[Site "Gaziantep TUR"]
[Date "2012.03.06"]
[Round "5"]
[White "Paikidze,N"]
[Black "Javakhishvili,L"]
[Result "1/2-1/2"]
[WhiteElo "2406"]
[BlackElo "2448"]

1.e4 c5 2.Nf3 e6 3.d4 cxd4 4.Nxd4 Nc6 5.Nc3 a6 6.Nxc6 bxc6 7.Qf3 Qf6 8.Qg3 Qg6
9.Qxg6 hxg6 10.e5 d5 11.exd6 Bxd6 12.g3 Nf6 13.Bg2 Bb7 14.O-O O-O-O 15.Bg5 c5
16.Na4 Bxg2 17.Kxg2 Kc7 18.c4 Kc6 19.Rfe1 Rd7 20.h3 Rb8 21.Rad1 Bf8 22.Rxd7 Nxd7
23.Bf4 Rb7 24.b3 Be7 25.Nc3 g5 26.Bd2 Nf8 27.Ne4 f6 28.Kf3 Rd7 29.Ke2 Ng6
30.Be3 Rd8 31.Rb1 Rh8 32.Rh1 Rd8 33.Rd1 Rh8 34.Rh1 Rd8 35.Rd1 Rh8  1/2-1/2